00289nam a2200133Ia 4500008004000000041000800040082001200048100001000060245001900070260003900089650000700128650001200135650000800147210210b1901 xxu||||| |||| 00| 0 eng d aeng a826/262 aSNELL aAge of chaucer aLondonbGeorge Bell and Sonsc1901 aof achaucer aAge